|
|
|
|
| LEADER |
01514nam a2200421 i 4500 |
| 001 |
36644 |
| 003 |
BD-DhAAL |
| 005 |
20211129104850.0 |
| 008 |
191117t2013 ii a b 000 0 eng d |
| 999 |
|
|
|c 41824
|d 41824
|
| 010 |
|
|
|a 2014347231
|
| 020 |
|
|
|a 9780670086627
|
| 020 |
|
|
|a 0670086622
|
| 025 |
|
|
|a I-E-2014-347231; 76-92
|
| 035 |
|
|
|a (OCoLC)ocn864543499
|
| 035 |
|
|
|a (OCoLC)864543499
|
| 037 |
|
|
|a Library of Congress -- New Delhi Overseas Office
|
| 040 |
|
|
|a DKAGE
|b eng
|e rda
|c DLC
|d DLC
|d BD-DhAAL
|
| 042 |
|
|
|a lccopycat
|a lcode
|
| 043 |
|
|
|a a-ii---
|
| 050 |
0 |
0 |
|a KNS3466
|b .M63 2013
|
| 082 |
0 |
0 |
|a 347.54077
|2 23
|
| 100 |
1 |
|
|a Mody, Zia.
|9 37201
|
| 245 |
1 |
0 |
|a 10 judgements that changed India /
|c Zia Mody ; foreword by Soli J. Sorabjee.
|
| 246 |
1 |
7 |
|a Ten judgements that changed India
|
| 260 |
|
|
|a New Delhi :
|b Shobhaa Dé Books,
|c c2013
|
| 300 |
|
|
|a xvi, 240 pages ;
|c 20 cm.
|
| 504 |
|
|
|a Includes bibliographical references.
|
| 526 |
|
|
|a BBS
|
| 541 |
|
|
|a Zeenat Book Supply Ltd.
|e 36644
|
| 610 |
1 |
0 |
|a India.
|b Supreme Court.
|9 37202
|
| 650 |
|
0 |
|a Judicial process
|z India.
|9 37203
|
| 650 |
|
0 |
|a Judgments
|z India.
|9 37204
|
| 650 |
|
0 |
|a Stare decisis
|z India.
|9 37205
|
| 650 |
|
0 |
|a Business & finance
|9 43300
|
| 852 |
|
|
|a Ayesha Abed Library
|c General Stacks
|
| 942 |
|
|
|2 ddc
|c BK
|
| 952 |
|
|
|0 0
|1 0
|2 ddc
|4 0
|6 347_540770000000000_MOD
|7 0
|9 67157
|a BRACUL
|b BRACUL
|c GEN
|d 2019-11-14
|e Zeenat Book Supply Ltd.
|g 625.00
|l 2
|m 2
|o 347.54077 MOD
|p 3010036644
|r 2025-06-19
|s 2025-05-22
|t 1
|v 625.00
|w 2019-11-14
|y BK
|